Online
Catalog

Impuesto sobre la renta : (Record no. 29982)

MARC details
000 -CABECERA
campo de control de longitud fija 01061nam a2200253 a 4500
001 - NÚMERO DE CONTROL
campo de control 000030490
003 - IDENTIFICADOR DEL NÚMERO DE CONTROL
campo de control DO-SdBNP
005 - FECHA Y HORA DE LA ÚLTIMA TRANSACCIÓN
campo de control 20240311204353.0
008 - DATOS DE LONGITUD FIJA--INFORMACIÓN GENERAL
campo de control de longitud fija 110518nuuuuuuuudr 000 | spa d
040 ## - FUENTE DE LA CATALOGACIÓN
Centro catalogador/agencia de origen DO-SdBNP
Lengua de catalogación spa
Centro/agencia transcriptor BNPHU
049 ## - FONDOS LOCALES (OCLC)
Fondos de biblioteca BNPD
082 #4 - NÚMERO DE LA CLASIFICACIÓN DECIMAL DEWEY
Número de clasificación 343.7293052
Número de documento/Ítem R426i
Número de edición 22
110 1# - ENTRADA PRINCIPAL--NOMBRE DE ENTIDAD CORPORATIVA
Nombre de entidad corporativa o nombre de jurisdicción como elemento de entrada República Dominicana.
9 (RLIN) 54280
245 10 - MENCIÓN DE TÍTULO
Título Impuesto sobre la renta :
Resto del título ley 5911 del 22 de julio de 1962 con sus modificaciones al 10 de octubre de 1982 /
Mención de responsabilidad, etc. [recopilación y ordenamiento, Juan Pedro Castro ; edición corregida y actualizada por Gilda Estévez de Ferreras y Florencio A. Lorenzo Silva].
260 ## - PUBLICACIÓN, DISTRIBUCIÓN, ETC.
Lugar de publicación, distribución, etc. Santo Domingo :
Nombre del editor, distribuidor, etc. INCAT,
Fecha de publicación, distribución, etc. [1983].
300 ## - DESCRIPCIÓN FÍSICA
Extensión 331 p. ;
Dimensiones 27 cm.
590 ## - NOTA LOCAL (RLIN)
Nota local Inventariado, 2022/MFF
650 #4 - PUNTO DE ACCESO ADICIONAL DE MATERIA--TÉRMINO DE MATERIA
Término de materia o nombre geográfico como elemento de entrada Impuesto sobre la renta
Subdivisión general Legislación
Subdivisión geográfica República Dominicana
9 (RLIN) 81322
700 1# - PUNTO DE ACCESO ADICIONAL--NOMBRE DE PERSONA
Nombre de persona Castro, Juan Pedro,
Término indicativo de función/relación comp.
9 (RLIN) 57116
700 1# - PUNTO DE ACCESO ADICIONAL--NOMBRE DE PERSONA
Nombre de persona Naut, Luis,
Término indicativo de función/relación present.
9 (RLIN) 22075
710 2# - PUNTO DE ACCESO ADICIONAL--NOMBRE DE ENTIDAD CORPORATIVA
Nombre de entidad corporativa o nombre de jurisdicción como elemento de entrada Instituto de Capacitación Tributaria (República Dominicana)
9 (RLIN) 73226
910 ## - DATOS DE OPCIÓN DEL USUARIO (OCLC)
Datos de opción del usuario Validado. Control de calidad MFF
942 ## - ELEMENTOS DE PUNTO DE ACCESO ADICIONAL (KOHA)
Fuente del sistema de clasificación o colocación Dewey Decimal Classification
Tipo de ítem Koha Libro
Holdings
Estado de retiro Estado de pérdida Fuente del sistema de clasificación o colocación Restricciones de uso No para préstamo Código de colección Localización permanente Ubicación/localización actual Ubicación en estantería Fecha de adquisición Total de préstamos Signatura topográfica completa Código de barras Fecha visto por última vez Precio válido a partir de Tipo de ítem Koha
    Dewey Decimal Classification Préstamo restringido   Patrimonio Dominicano Biblioteca Nacional Pedro Henríquez Ureña Biblioteca Nacional Pedro Henríquez Ureña Depósito 18.05.2011   BNPHU PD 343.7293052 R426i 30490-10 25.06.2020 25.06.2020 Libro

Powered by Koha